Miasta w Austrii czy w Australii? - klikanie - Statystyki

Ogólne statystyki
  • Ten quiz został rozwiązany 51 razy
  • Średni wynik to 14 z 16
Statystyki odpowiedzi
Hint Odpowiedź % Poprawnych
Linz Austria
100%
Salzburg Austria
100%
Melbourne Australia
98%
Toowoomba Australia
98%
Graz Austria
98%
Innsbruck Austria
98%
Darwin Australia
93%
Perth Australia
93%
Brisbane Australia
91%
Baden Austria
91%
Villach Austria
89%
Wollongong Australia
87%
Geelong Australia
83%
Steyr Austria
80%
Hobart Australia
76%
Wels Austria
57%
Nie znaleziono quizów pasujących do podanych kryteriów
Rozkład punktacji
Procent ludzi z każdym wynikiem
Percentyl według liczby udzielonych odpowiedzi
Twoja historia wyników
Nie rozwiązałeś tego quizu